Quick Pick: Tom Petty and the Heartbreakers Songs Quiz Stats

 Plays Quiz Updated Jul 22, 2018

Challenge
Share
Tweet
Embed
Score 0/15 Timer 01:30
0 Plays Today
% Correct
Feels
93.5%
Don't
93.4%
Here
93.4%
Free
93.4%
Dance
93.4%
Wide
92.9%
Won't
92.4%
American
92.2%
% Correct
Heart
91.4%
Need
90.9%
Cold
90.4%
Around
89.9%
Saving
89%
Learning
88.8%
Down
88.3%

Today's Daily Dose

Missing Word
Britpop Albums

Word Ladder
Sing It!

On This Day
December 14th II

You're not logged in!

Compare scores with friends on all Sporcle quizzes.
OR
Log In

You Might Also Like...

Show Comments

Extras

Top Quizzes Today


Score Distribution

Your Account Isn't Verified!

In order to create a playlist on Sporcle, you need to verify the email address you used during registration. Go to your Sporcle Settings to finish the process.

Report this User

Report this user for behavior that violates our Community Guidelines.

Details: